2015 NBA Draft - Statistics

General Stats
  • This quiz has been taken 4,104 times
    4,093 since last reset
  • The average score is 14 of 60
Answer Stats
# Team College Player % Correct
1 Timberwolves Kentucky Karl-Anthony Towns
99%
2 Lakers Ohio State D'Angelo Russell
89%
4 Knicks Latvia Kristaps Porzingis
82%
3 76ers Duke Jahlil Okafor
78%
13 Suns Kentucky Devin Booker
60%
10 Heat Duke Justise Winslow
58%
5 Magic Croatia Mario Hezonja
54%
8 Pistons Arizona Stanley Johnson
54%
6 Kings Kentucky Willie Cauley-Stein
54%
11 Pacers Texas Myles Turner
53%
48 Thunder Kentucky Dakari Johnson
51%
9 Hornets Wisconsin Frank Kaminsky III
51%
7 Nuggets China Emmanuel Mudiay
50%
14 Thunder Murray State Cameron Payne
40%
12 Jazz Kentucky Trey Lyles
34%
18 Rockets Wisconsin Sam Dekker
32%
16 Celtics Louisville Terry Rozier
29%
24 Cavaliers Duke Tyus Jones
26%
30 Warriors UCLA Kevon Looney
23%
22 Bulls Arkansas Bobby Portis
21%
15 Hawks Kansas Kelly Oubre Jr.
21%
27 Lakers Wyoming Larry Nance Jr.
19%
28 Celtics Georgia State R.J. Hunter
19%
19 Wizards Notre Dame Jerian Grant
18%
21 Mavericks Virginia Justin Anderson
17%
17 Bucks UNLV Rashad Vaughn
15%
32 Rockets Louisville Montrezl Harrell
14%
23 Trail Blazers Arizona Rondae Hollis-Jefferson
14%
34 Lakers Stanford Anthony Brown
13%
20 Raptors Utah Delon Wright
13%
44 Suns Kentucky Andrew Harrison
11%
40 Heat Tennessee Josh Richardson
11%
46 Bucks UCLA Norman Powell
11%
25 Grizzlies LSU Jarell Martin
9%
43 Pacers Oregon Joseph Young
9%
33 Celtics LSU Jordan Mickey
8%
49 Wizards Iowa Aaron White
7%
36 Timberwolves Syracuse Rakeem Christmas
7%
37 76ers Bowling Green Richaun Holmes
7%
35 76ers Spain Willy Hernangomez
7%
31 Timberwolves Turkey Cedi Osman
6%
29 Nets Syracuse Chris McCullough
6%
41 Nets Notre Dame Pat Connaughton
6%
58 76ers North Carolina JP Tokoto
5%
26 Spurs Serbia Nikola Milutinov
5%
56 Pelicans Michigan State Branden Dawson
4%
38 Pistons Villanova Darrun Hilliard
4%
45 Celtics William and Mary Marcus Thornton
4%
52 Mavericks India Satnam Singh
4%
39 Hornets Argentina Juan Vaulet
3%
42 Jazz Boston College Olivier Hanlan
3%
53 Cavaliers St. John's Sir'Dominic Pointer
3%
51 Magic Eastern Washington Tyler Harvey
3%
47 76ers Lithuania Arturas Gudaitis
2%
55 Spurs Massachusetts Cady Lalanne
2%
54 Jazz Spain Daniel Diez
2%
59 Hawks Greece Dimitrios Agravanis
2%
60 76ers Serbia Luka Mitrovic
2%
50 Hawks Spain Marcus Eriksson
2%
57 Nuggets Spain Nikola Radicevic
1%
No matching quizzes found
Score Distribution
Percent of People with Each Score
Percentile by Number Answered
Your Score History
You have not taken this quiz since the last reset